Inovačná výkonnosť Slovenska

Aktuálny stav celkových investícií do výskumu, vývoja a inovácií v podnikaní malých a stredných podnikov (MSP) v členských štátoch EÚ a Slovenska. Príčiny slabej inovačnej výkonnosti MSP na Slovensku a celková úroveň inovačnej výkonnosti slovenských podnikov vrátane kategórie MSP.

Na minha lista:
Detalhes bibliográficos
Autor principal: Musa, Hussam
Formato: Capítulo de Livro
Idioma:eslovaco
Assuntos:
Tags: Adicionar Tag
Sem tags, seja o primeiro a adicionar uma tag!

MARC

LEADER 00000nla a2200000 4500
001 0212107
005 20240417075104.3
041 0 |a slo 
044 |a SK 
245 1 0 |a Inovačná výkonnosť Slovenska  |c Hussam Musa 
520 |a Aktuálny stav celkových investícií do výskumu, vývoja a inovácií v podnikaní malých a stredných podnikov (MSP) v členských štátoch EÚ a Slovenska. Príčiny slabej inovačnej výkonnosti MSP na Slovensku a celková úroveň inovačnej výkonnosti slovenských podnikov vrátane kategórie MSP. 
610 2 0 |a Slovensko 
610 2 0 |a Európska únia 
610 2 0 |a stratégia inovačná 
610 2 0 |a výskum 
610 2 0 |a vývoj 
610 2 0 |a inovácia 
610 2 0 |a investície 
610 2 0 |a výkonnosť 
610 2 0 |a porovnanie medzinárodné 
100 1 |a Musa, Hussam